000 02237nam0a2200349 4500
001 RU\NLR\BIBL_A\022586065
005 20260420050906.0
010 _a978-5-00261-166-9
_9200
021 _aRU
_bКН-П-25-030270
_9КН-П-25-2987
035 _a(NLR Aleph) 022586065
090 _a13678242
_c13678242
100 _a20250716d2025 k y0rusy50 ca
101 0 _arus
_deng
102 _aRU
105 _aa z 100zy
181 0 _ai3
_baxxe
182 0 _an
200 1 _aЭкономические и социальные проблемы регионального развития в современных условиях
_eсборник научных трудов Международной научно-практической конференции, 06 февраля 2025 года
_fФинансовый университет при Правительстве Российской Федерации, Курский филиал, Центр управления регионом Курской области
_gредакционная коллегия: Ильин А. Е. - д-р экон. наук, проф. [и др.]
203 _aТекст
_bвизуальный
_cнепосредственный
210 _aКурск
_cУниверситетская книга
_d2025
215 _a454 с.
_cил.
_d21
300 _aРез. ст. на англ. яз.
320 _aБиблиогр. в конце ст.
607 _aРоссийская Федерация
_jСъезды, совещания и т.п
_xСоциально-экономическое развитие
_xРегиональный аспект
_92155873
_3RU\NLR\AUTH\661297883
686 1 _aУ04(2Р)9я431
702 1 _4340
_7ca
_8rus
_aИльин
_bА. Е.
_cд-р экон. наук
_gАлексей Евгеньевич
_914710
_3RU\NLR\AUTH\7731700
712 0 2 _4475
_aФинансовый университет при Правительстве Российской Федерации
_bКурский филиал
_cМосква
_9324041
_3RU\NLR\AUTH\8810219311
942 _cBOOK
980 _aNB